Study on the growth of NiSi/SiC core : shell nanowires by hot : wire chemical vapor deposition and its application in supercapacitor /
Saved in:
| Main Author: | |
|---|---|
| Format: | Thesis Book |
| Language: | English |
| Published: |
2017.
|
| Subjects: | |
| Online Access: | http://studentsrepo.um.edu.my/9183/ |
| Tags: |
Add Tag
No Tags, Be the first to tag this record!
|
| LEADER | 01414cam a2200361 i 4500 | ||
|---|---|---|---|
| 001 | u1094111 | ||
| 003 | SIRSI | ||
| 005 | 201804171231 | ||
| 008 | 180905s2017 my a m 000 0 eng | ||
| 040 | |a UMM |e rda | ||
| 090 | |a QC3 |b UM 2017 Najh | ||
| 100 | 0 | |a Najwa Hamzan, |e author. | |
| 245 | 1 | 0 | |a Study on the growth of NiSi/SiC core : |b shell nanowires by hot : wire chemical vapor deposition and its application in supercapacitor / |c Najwa binti Hamzan. |
| 264 | 1 | |c 2017. | |
| 300 | |a xviii, 145 leaves : |b colour illustrations ; |c 30 cm. | ||
| 336 | |a text |2 rdacontent | ||
| 337 | |a unmediated |2 rdamedia | ||
| 337 | |a computer |2 rdamedia | ||
| 338 | |a volume |2 rdacarrier | ||
| 338 | |a computer disc |2 rdacarrier | ||
| 502 | |b M.Sc. |c Jabatan Fizik, Fakulti Sains, Universiti Malaya |d 2017. | ||
| 504 | |a Bibliography: leaves 128-142. | ||
| 530 | |a Also Issued in CD. | ||
| 650 | 0 | |a Nanostructured materials. | |
| 650 | 0 | |a Nanowires. | |
| 650 | 0 | |a Supercapacitors. | |
| 650 | 0 | |a Silicon compounds. | |
| 710 | 2 | |a Universiti Malaya. |b Jabatan Fizik, |e degree granting institution. | |
| 856 | 4 | 1 | |u http://studentsrepo.um.edu.my/9183/ |
| 900 | |a NNANS | ||
| 596 | |a 1 25 | ||
| 999 | |a QC3 UM 2017 NAJH |w LC |c 1 |i A517052133 |d 19/9/2018 |f 19/9/2018 |g 1 |l STACKS |m P01UTAMA |r Y |s Y |t TESIS |u 19/9/2018 |1 STEM | ||
| 999 | |a QC3 UM 2017 NAJH |w LC |c 1 |i A517144696 |d 16/10/2018 |f 16/10/2018 |g 1 |l STACKS |m P25UMARCHI |r N |s Y |t CD |u 16/10/2018 |1 STEM | ||
